Normal view
MARC view
- Osei-Frimpong, Kofi.
Entry Personal Name
001 - CONTROL NUMBER
- control field: 47011
003 - CONTROL NUMBER IDENTIFIER
- control field: OSt
005 - DATE AND TIME OF LATEST TRANSACTION
- control field: 20250124101829.0
008 - FIXED-LENGTH DATA ELEMENTS
- fixed length control field: 221212|| aca||aabn | a|a d
040 ## - CATALOGING SOURCE
- Original cataloging agency: OSt
- Transcribing agency: OSt
100 ## - HEADING--PERSONAL NAME
- Personal name: Osei-Frimpong, Kofi.
- Relator term: author.
670 ## - SOURCE DATA FOUND
- Source citation: Work cat.: (OSt): Osei-Frimpong, Kofi. author., The Impact of Celebrity Endorsement on Consumer Purchase Intention: An Emerging Market Perspective /, © January 2019.
